000 00313nam a22001457a 4500
008 230413b ||||| |||| 00| 0 eng d
020 _a9780737733907
041 _aeng
080 _a94
082 _a94OVS
100 _a28
101 _aHISTORI
245 _aCHINA OPPOSING VIEWPOINTS
_cOVS
942 _2udc
_cBK
999 _c59527
_d59527